000 00588nam a22001932 4500
001 0000009838
005 20151217155844.0
008 081203s xx 000 0 eng d
040 _aKABU
_cKABU
100 1 _aMartin, Esmond Bradley.
_@0000161606
245 1 0 _aMalindi :
_bpast and present /
_cEsmond Bradley Martin.
250 _a1st ed.
260 _aNairobi :
_bNational Museum of Kenya,
_c1970.
300 _avi, 28 p.
651 0 _aMalindi (Kenya)
_xHistory.
_@0000161607
852 1 _9p100 KES
908 _a081203
950 _@1
999 _c13304
_d13304